000 00664pam a2200229 a 4500
008
020 _a0312512279(pbk.)
049 _aMAIN
090 _aT57.6MAN
245 0 0 _aManaging with operational research /
_cedited by John Kidd.
260 _aNew York, NY :
_bSt. Martin's Press,
_c1985.
300 _axi, 305 p. :
_bill. ;
_c23 cm.
504 _aIncludes Bibliographical references
500 _aIncludes indexes.
650 0 _aOperations research.
700 1 _aKidd, John.
907 _a.b10167754
_b03-01-06
_c14-07-05
003
005 20230123134032.0
040 _cNUST
942 _cBOOKS
_kT57.6MAN
999 _c158900
_d158900